| 000 | 00548nam a2200193Ia 4500 | ||
|---|---|---|---|
| 003 | OSt | ||
| 005 | 20220925232324.0 | ||
| 006 | a|||||r|||| 00| 0 | ||
| 007 | ta | ||
| 008 | 220923b |||||||| |||| 00| 0 eng d | ||
| 037 | _cGeneral Book | ||
| 040 |
_aRTL _cRTL _beng |
||
| 041 |
_2eng _aeng |
||
| 082 | _aX:3M24xM18:g(R), L9/SC | ||
| 245 | 0 | _aFUNDAMENTALS OF Marxist-Leninist philosophy. | |
| 260 |
_aMoscow _bProgress Publishers _c1979 |
||
| 942 |
_hX:3M24xM18:g(R), L9/SC _cGB _2CC |
||
| 999 |
_c591115 _d591115 |
||